000 00427nam a22001817a 4500
003 NUST
020 _a978-1-25-906275-9
038 _aKhadija
082 _a620.11
_bSMI
100 _aSmith, William F.
_940774
245 _aMaterials Science And Engineering
250 _a5th ed.
260 _aNew Delhi :
_bMcGraw Hill ,
_c2015.
300 _a947 p. ;
_b24 cm.
500 _aPaperback.
563 _aPB
942 _cBK
_2ddc
999 _c33740
_d33740